|
|
|
|
| LEADER |
00000nam a2200000Ia 4500 |
| 008 |
171023b2006 m ||||| |||| 00| | spa d |
| 999 |
|
|
|c 1445
|d 1445
|
| 090 |
|
|
|a 06.02.01
|b 1492
|
| 100 |
1 |
|
|a Sánchez Hernández, Miriam
|9 3239
|
| 245 |
1 |
0 |
|a Educar ¿Para Qué? /
|c Compilación Miriam Sánchez Hernández, MarcelaLópez Fernández
|
| 260 |
|
|
|a MX:
|b Universidad Autónoma de la Ciudad de México,
|c 2006
|
| 300 |
|
|
|a 48 páginas
|
| 490 |
|
|
|a Colección Galatea
|
| 650 |
1 |
4 |
|a EDUCACIÓN
|9 1
|
| 650 |
1 |
4 |
|a MEDIO AMBIENTE
|9 792
|
| 650 |
1 |
4 |
|a COMPORTAMIENTO
|9 298
|
| 650 |
1 |
4 |
|a ENSEÑANZA
|9 14
|
| 700 |
1 |
|
|a López Fernández, Marcela
|9 3240
|
| 942 |
|
|
|i 003195
|h 06.02.01 1492
|2 z
|c 04
|